[Event "Yerevan op 1st"]
[Site "Yerevan"]
[Date "2016.10.05"]
[Round "4"]
[White "Nassajtorshizi, Amirmorteza"]
[Black "Khachikyan, Ervand"]
[Result "0-1"]
[WhiteElo "1979"]
[BlackElo "1772"]
[PlyCount "118"]
[EventDate "2016.10.02"]
[EventType "swiss"]
[EventRounds "9"]
[EventCountry "ARM"]
[SourceTitle "EXT 2017"]
[Source "ChessBase"]
[SourceDate "2016.10.25"]
[SourceVersion "1"]
[SourceVersionDate "2016.10.25"]
[SourceQuality "1"]

1. d4 d5 2. Nf3 Nf6 3. c4 c6 4. e3 Bf5 5. Nbd2 e6 6. Ne5 Ne4 7. Nxe4 Bxe4 8. f3 Bg6 9. h4 Bb4+ 10. Bd2 Bxd2+ 11. Qxd2 f6 12. h5 Bf7 13. Nxf7 Kxf7 14. Bd3 Nd7 15. 0-0-0 a5 16. g4 a4 17. f4 dxc4 18. Bxc4 b5 19. Bd3 Qa5 20. Qc2 a3 21. b3 h6 22. Bg6+ Ke7 23. Kb1 Rac8 24. f5 c5 25. d5 e5 26. d6+ Kd8 27. Rc1 Rf8 28. Rhd1 Nb6 29. Qe4 Qa8 30. Qxa8 Nxa8 31. Rd5 Kd7 32. Rdxc5 Rxc5 33. Rxc5 Kxd6 34. Rxb5 Nc7 35. Ra5 Nd5 36. Rxa3 Nxe3 37. b4 Nxg4 38. Rg3 Nf2 39. Rf3 Ne4 40. Rd3+ Ke7 41. Kc2 Nd6 42. a4 e4 43. Re3 Kd7 44. Kb3 Kc6 45. Rc3+ Kd5 46. b5 Kd4 47. Rc6 Nb7 48. Kb4 e3 49. a5 Rd8 50. a6 Nd6 51. b6 e2 52. Rc1 Rb8 53. a7 Rxb6+ 54. Ka5 Rb2 55. Bf7 Nxf7 56. Ka6 Ra2+ 57. Kb7 Nd6+ 58. Kb8 Rxa7 59. Kxa7 Nxf5 0-1

[Event "Al Ain op 1st"]
[Site "Al Ain"]
[Date "2012.12.28"]
[Round "9"]
[White "Bibasa, Bob Gilbert"]
[Black "Nassajtorshizi, Amirmorteza"]
[Result "1/2-1/2"]
[WhiteElo "2218"]
[BlackElo "1999"]
[PlyCount "79"]
[EventDate "2012.12.22"]
[EventType "swiss"]
[EventRounds "9"]
[EventCountry "UAE"]
[SourceTitle "CBM 152 Extra"]
[Source "ChessBase"]
[SourceDate "2013.02.25"]
[SourceVersion "1"]
[SourceVersionDate "2013.02.25"]
[SourceQuality "1"]

1. d4 Nf6 2. Nc3 c5 3. d5 d6 4. e4 g6 5. f4 Bg7 6. Bb5+ Nfd7 7. a4 0-0 8. Nf3 Na6 9. 0-0 Rb8 10. Qe2 Nc7 11. Be3 a6 12. Bd3 Nf6 13. h3 Bd7 14. a5 b5 15. axb6 Rxb6 16. Ra2 Nb5 17. Na4 Rb8 18. c4 Nc7 19. e5 Nfe8 20. Nc3 a5 21. Rfa1 Ra8 22. Bd2 Qb8 23. Ng5 e6 24. Be4 Ra6 25. dxe6 Nxe6 26. Nxe6 Bxe6 27. Nd5 dxe5 28. Ne7+ Kh8 29. f5 gxf5 30. Nxf5 Bxf5 31. Bxf5 Nd6 32. Bc2 e4 33. Bf4 f5 34. Rd1 Bd4+ 35. Rxd4 cxd4 36. Be5+ Kg8 37. Bxd4 Nf7 38. c5 Rg6 39. Rxa5 Rd8 40. Bc3 1/2-1/2

[Event "Fajr op 18th"]
[Site "Mashhad"]
[Date "2010.02.22"]
[Round "4"]
[White "Ghaem Maghami, Ehsan"]
[Black "Nassajtorshizi, Amirmorteza"]
[Result "1-0"]
[WhiteElo "2589"]
[BlackElo "1946"]
[PlyCount "47"]
[EventDate "2010.02.20"]
[EventType "swiss"]
[EventRounds "11"]
[EventCountry "IRI"]
[SourceTitle "CBM 135 Extra"]
[Source "ChessBase"]
[SourceDate "2010.05.04"]
[SourceVersion "1"]
[SourceVersionDate "2010.05.04"]
[SourceQuality "1"]

1. Nf3 Nf6 2. c4 e6 3. Nc3 d5 4. d4 c6 5. g3 Nbd7 6. Bg2 Be7 7. 0-0 b6 8. cxd5 exd5 9. Bf4 Nh5 10. Bd2 Nhf6 11. Qc2 0-0 12. Rad1 Re8 13. Bf4 Nh5 14. Nxd5 Nxf4 15. Nxf4 Bb7 16. Ne5 Nxe5 17. dxe5 Qc8 18. e6 fxe6 19. Be4 g5 20. Bxh7+ Kh8 21. Ng6+ Kg7 22. Ne5 Rf8 23. Qg6+ Kh8 24. Bg8 1-0